000 00847nam a22002537a 4500
001 44140
003 UA-OsUOA
005 20201216202112.0
007 ta
008 20070207b un ||||| |||| 00| 0 ukr d
020 _a966-518-362-1
040 _aUA-OsUOA
_bukr
_cUA-OsUOA
_dUA-OsUOA
041 _aukr
_hМова оригіналу
080 _a321
090 _a321
_bП 18
100 _aПарсонс В.
245 _aПублічна політика: вступ до теорії і практики аналізу політики
260 _aК.
_bКМА
_c2006
300 _a549 с.
650 7 _a321 Форми політичних організацій. Держави як політичні влади
_2UDC
942 _cBK
_2udc
955 _a2
999 _c330265
_d330265